MARC details
| 000 -CABECERA |
| campo de control de longitud fija |
01212nam a2200241 a 4500 |
| 001 - NÚMERO DE CONTROL |
| campo de control |
000007021 |
| 005 - FECHA Y HORA DE LA ÚLTIMA TRANSACCIÓN |
| campo de control |
20200929154038.0 |
| 008 - DATOS DE LONGITUD FIJA--INFORMACIÓN GENERAL |
| campo de control de longitud fija |
090904s2004 dr abd 001 0 spa d |
| 020 ## - NÚMERO INTERNACIONAL ESTÁNDAR DEL LIBRO |
| Número Internacional Estándar del Libro |
9993495948 |
| 040 ## - FUENTE DE LA CATALOGACIÓN |
| Centro catalogador/agencia de origen |
DO-SdBNP |
| Lengua de catalogación |
spa |
| Centro/agencia transcriptor |
BNPHU |
| 082 ## - NÚMERO DE LA CLASIFICACIÓN DECIMAL DEWEY |
| Número de clasificación |
xxx |
| Número de documento/Ítem |
P418 |
| 245 00 - MENCIÓN DE TÍTULO |
| Título |
Pensamiento lingüístico sobre el Caribe insular hispánico / |
| Mención de responsabilidad, etc. |
Sergio Valdés Bernal Selección y intruducción ; presentación Mario Bonetti. |
| 260 ## - PUBLICACIÓN, DISTRIBUCIÓN, ETC. |
| Lugar de publicación, distribución, etc. |
Santo Domingo : |
| Nombre del editor, distribuidor, etc. |
Academia de Ciencias de la República Dominicana, |
| Fecha de publicación, distribución, etc. |
2004. |
| 300 ## - DESCRIPCIÓN FÍSICA |
| Extensión |
612 p. : |
| Otras características físicas |
il., map., gráf. ; |
| Dimensiones |
23 cm. |
| 490 1# - MENCIÓN DE SERIE |
| Mención de serie |
Publicaciones de la Academia de Ciencias de la República Dominicana. |
| 500 ## - NOTA GENERAL |
| Nota general |
Incluye datos biográficos del autor en la solapa |
| 500 ## - NOTA GENERAL |
| Nota general |
Esta obra reúne el quehacer investigativo de una serie de estudiosos, respecto de las variantes dominicana, puertoriqueña y cubana del español americano. |
| 500 ## - NOTA GENERAL |
| Nota general |
Incluye notas al pie de las páginas |
| 504 ## - NOTA DE BIBLIOGRAFÍA, ETC. |
| Nota de bibliografía, etc. |
Bibliografía: p. 33-39, 108-110, 158-161, 358-361, 178-183, 378- 383, 392-393, 492-504 |
| 590 ## - NOTA LOCAL (RLIN) |
| Nota local |
Inventariado, 2019 / DG |
| 700 1# - PUNTO DE ACCESO ADICIONAL--NOMBRE DE PERSONA |
| Nombre de persona |
Valdés Bernal, Sergio |
| 9 (RLIN) |
11424 |
| 830 #0 - PUNTO DE ACCESO ADICIONAL DE SERIE-TÍTULO UNIFORME |
| Título uniforme |
Publicaciones de la Academia de Ciencias de la República Dominicana. |
| 9 (RLIN) |
19512 |